000 00540nam a2200193Ia 4500
003 OSt
005 20240920162557.0
008 210210b1969 xxu||||| |||| 00| 0 eng d
040 _cAL
041 _aHindi
082 _aH891.3 PRAB
100 _aPARSAYI (Harishankar).
_dहरिशंकर पारसाई
_9179816
245 _aBolti rekhayen.
_bबोलती रेखाएं
260 _aJabalpur
_bLok Chetana Prakashan
_c1969
300 _a115
690 _aHindi Fiction
_9179817
906 _a029050
942 _2ddc
_cBK
999 _c80278
_d80278